Real analysis
Αποθηκεύτηκε σε:
| Κύριος συγγραφέας: | |
|---|---|
| Μορφή: | Βιβλίο |
| Γλώσσα: | English |
| Δημοσίευση: |
Providence, Rhode Island :
American Mathematical Society,
c2015.
|
| Σειρά: | (A comprehensive course in analysis ;
1) |
| Θέματα: | |
| Ετικέτες: |
Προσθήκη ετικέτας
Δεν υπάρχουν, Καταχωρήστε ετικέτα πρώτοι!
|
MARC
| LEADER | 00000cam a2200000 a 4500 | ||
|---|---|---|---|
| 001 | 1/111203 | ||
| 008 | 160630t2015####riu| ||| |||| ||eng|| | ||
| 020 | |a 9781470410995 | ||
| 040 | |a GR-MyUa |b gre |c GR-MyUa |e AACR2 | ||
| 041 | 0 | |a eng | |
| 082 | 7 | |a 515.8 |2 (23) | |
| 100 | 1 | |a Simon, Barry, |d 1946- | |
| 245 | 1 | 0 | |a Real analysis / |c Barry Simon. |
| 260 | |a Providence, Rhode Island : |b American Mathematical Society, |c c2015. | ||
| 300 | |a xx, 789 σ. : |b σχέδια ; |c 26 εκ. | ||
| 490 | 0 | |a (A comprehensive course in analysis ; |v 1) | |
| 504 | |a Βιβλιογραφία: σ. 713-763. Ευρετήρια. | ||
| 650 | 0 | |a Mathematical analysis |x Textbooks. | |
| 852 | |a INST |b SAMOS |e 20160630 |h 515.8 SIM |p 005300043663 |q 005300043663 |t BK |y 0 | ||
| 922 | |a 3ΕΛΗ |b 201606 |c Τμήμα Μαθηματικών |d Διαδρομές | ||
| 970 | |a Κοσιέρης |b Χρήστος |z 30-06-2016 | ||